000 00497nam a2200217Ia 4500
003 0100
008 130227s9999 xx 000 0 und d
040 _cARRUPELIB
050 _aB1618.A93D184
100 _aDaniel, David Mills
245 _aAyer's language, truth and logic
260 _aLondon
260 _bSCM Press
260 _C2007
300 _aviii
300 _b 130p. 19cm.
440 _aBriefly
650 _bIslamophobia
650 _cIslam and politics
942 _2lcc
_01
999 _c5826
_d5826